01120cam a2200313 a 450000100090000000300120000900500170002100600190003800700150005700800410007202000150011303500260012804000300015405000230018408200220020710000210022921000280025024500710027826000370034950400540038650600430044065000220048377300220050585601050052791000310063294200120066399900170067595201140069210527619NUST - PNEC20170116181133.0m d cr n 881216s1990 nyua sb 001 0 eng d a007034910X a(WaSeSS)ssj0000331984 aDLCcLIBRARYdDLCdWaSeSS 4aTP156.D5bK56 199000a660.28425 KIS2191 aKister, Henry Z.10aDistillation operations10aDistillation operationsh[electronic resource] /cHenry Z. Kister. aNew York :bMcGraw-Hill,cc1990. aIncludes bibliographical references (p. 687-703). aLicense restrictions may limit access. 0aDistillation.xME 0tAccessEngineering40uhttp://www.columbia.edu/cgi-bin/cul/resolve?clio10527619zFull text available from AccessEngineering aLibrary of Congress record 2ddccBK c70055d70055 00102ddc4070aPNECbPNECcWING-Bd0000-00-00l0o660.28425 KISpPNECLIB-026346r2015-10-06w0000-00-00yBK